Mảnh đất lắm người nhiều ma : Tiểu thuyết

שמור ב:
מידע ביבליוגרפי
מחבר ראשי: Nguyễn, Khắc Trường
פורמט: ספר
שפה:Undetermined
יצא לאור: Thành phố Hồ Chí Minh Văn nghệ 1999
נושאים:
תגים: הוספת תג
אין תגיות, היה/י הראשונ/ה לתייג את הרשומה!
Thư viện lưu trữ: Trung tâm Học liệu Trường Đại học Cần Thơ
LEADER 00643nam a2200217Ia 4500
001 CTU_94017
008 210402s9999 xx 000 0 und d
020 |c 37000 
082 |a 895.92234 
082 |b Tr561 
100 |a Nguyễn, Khắc Trường 
245 0 |a Mảnh đất lắm người nhiều ma : 
245 0 |b Tiểu thuyết 
245 0 |c Nguyễn Khắc Trường 
260 |a Thành phố Hồ Chí Minh 
260 |b Văn nghệ 
260 |c 1999 
650 |a Vietnamese fiction 
650 |z 21st century 
904 |i Minh 
980 |a Trung tâm Học liệu Trường Đại học Cần Thơ